| 000 | 00637nam a2200217 4500 | ||
|---|---|---|---|
| 003 | OSt | ||
| 005 | 20160627142602.0 | ||
| 008 | 160627b xxu||||| |||| 00| 0 eng d | ||
| 020 | _a0415282888 | ||
| 040 | _c040a | ||
| 082 |
_aQV 38 _bK914t 2002 |
||
| 100 |
_aKrogsgaard-Larsen, Povl _99618 |
||
| 245 |
_aTextbook of drug design and discovery / _cPovl Krogsgaard-Larsen, Tommy Liljefors, Ulf Madsen |
||
| 260 |
_aLondon _bTaylor& Francis _c2002 |
||
| 300 |
_axviii, 572p; _bill : _c15 cm. |
||
| 504 | _aIncludes index | ||
| 650 |
_aDrugs _91642 |
||
| 700 |
_aLiljefors, Tommy _99619 |
||
| 700 |
_aMadsen, Ulf _99620 |
||
| 942 |
_2z _cO_SHELF |
||
| 999 |
_c4481 _d4481 |
||